[Event "Titled Tue 14th Nov Late"]
[Site "chess.com INT"]
[Date "2023.11.14"]
[Round "4"]
[White "Nakamura, Hi"]
[Black "Zhigalko, S."]
[Result "1-0"]
[WhiteElo "2778"]
[BlackElo "2572"]
[PlyCount "145"]
[EventDate "2023.11.14"]

1. Nf3 d5 2. g3 c6 3. Bg2 Bg4 4. h3 Bh5 5. d3 e6 6. Nbd2 Bd6 7. b3 Ne7 8. g4 Bg6 9. Nh4 a5 10. Bb2 O-O 11. a3 c5 $146 ({RR} 11... Nd7 12. e3 Qb6 13. O-O f6 14. d4 Rae8 15. c4 Bb8 16. f4 Bd3 17. Rf2 g5 18. fxg5 fxg5 19. Rxf8+ Rxf8 20. Nhf3 Qc7 21. Nf1 Be4 22. Qe2 Ng6 23. Bc3 Bxf3 24. Bxf3 Nh4 25. Bh1 Nf6 26. Be1 {Nakamura,H (2788)-Zhigalko,S (2572) chess.com INT 2024 1-0 (41)}) 12. e3 a4 13. bxa4 Nbc6 14. O-O Rxa4 15. c4 Ra8 16. Nxg6 hxg6 17. Rb1 Be5 18. cxd5 exd5 19. d4 cxd4 20. Nf3 Bd6 21. Nxd4 Bxa3 22. Bxa3 Rxa3 23. Rxb7 Ra7 24. Nxc6 Nxc6 25. Rxa7 Nxa7 26. Qxd5 Qxd5 27. Bxd5 Rd8 28. e4 Nb5 29. Rc1 g5 30. Rc5 Nd4 31. Rc7 Ne6 32. Bxe6 fxe6 33. Rc5 Rd4 34. f3 Rd2 35. Rxg5 Kf7 36. h4 Kf6 37. Ra5 Rb2 38. h5 e5 39. Kf1 Rh2 40. Ke1 Rb2 41. Rd5 Ra2 42. Rd2 Ra3 43. Kf2 Kg5 44. Rd7 g6 45. Rg7 Ra2+ 46. Kg3 Rg2+ 47. Kxg2 Kh4 48. f4 g5 49. fxg5 Kxg4 50. h6 Kf4 51. g6 Kg4 52. h7 Kg5 53. h8=R Kg4 54. Rf7 Kg5 55. g7 Kg4 56. Re8 Kg5 57. g8=R+ Kh4 58. Rg3 Kh5 59. Rxe5+ Kh6 60. Re8 Kh5 61. e5 Kh6 62. e6 Kh5 63. e7 Kh6 64. Reg8 Kh5 65. e8=R Kh6 66. Rd3 Kh5 67. Rd4 Kh6 68. Kf3 Kh5 69. Kg3 Kh6 70. Kh3 Kh5 71. Ree4 Kh6 72. Re6+ Kh5 73. Rd5# 1-0

[Event "Titled Tue 14th Nov Late"]
[Site "chess.com INT"]
[Date "2023.11.14"]
[Round "6"]
[White "Erigaisi, Arjun"]
[Black "Maghsoodloo, Parham"]
[Result "1-0"]
[WhiteElo "2713"]
[BlackElo "2732"]
[PlyCount "115"]
[EventDate "2023.11.14"]

1. Nf3 d5 2. e3 Nf6 3. c4 e6 4. Nc3 Bd6 5. b3 O-O 6. Bb2 Nc6 7. d4 dxc4 8. Bxc4 ({RR} 8. bxc4 e5 9. Be2 Re8 10. O-O exd4 11. Nxd4 Nxd4 12. exd4 Bf5 13. Bf3 c6 14. Qb3 Ng4 15. g3 h5 16. Rae1 Qd7 17. Ne4 Bf8 18. Re2 Rad8 19. Rfe1 b5 20. cxb5 cxb5 21. h3 Nh6 22. Nc5 Bxc5 {So,W (2760)-Gukesh,D (2732) Stavanger NOR 2023 1-0 (33)}) 8... e5 9. dxe5 Nxe5 10. Be2 $146 ({RR} 10. Nxe5 Bxe5 11. Qxd8 Rxd8 12. Ke2 Bd7 13. Rad1 b5 14. Bd3 b4 15. Na4 Bxb2 16. Nxb2 Nd5 17. Ra1 Nc3+ 18. Kd2 a5 19. Kc2 a4 20. f3 Ra7 21. Bc4 Rda8 22. Nd3 axb3+ 23. Bxb3 Nxa2 24. Nc5 Bb5 {Koneru,H (2530)-Divya,D (2493) Kolkata IND 2024 ½-½ (36)}) 10... c6 11. Qc2 Qe7 12. O-O-O Rd8 13. Kb1 Bg4 14. Nd4 Bxe2 15. Nf5 Qe8 16. Nxe2 Bc7 17. Ned4 h5 18. h3 g6 19. Nb5 cxb5 20. Qxc7 gxf5 21. Qxe5 Qxe5 22. Bxe5 Ne4 23. f3 Nf2 24. Rxd8+ Rxd8 25. Rc1 Nd3 26. Rd1 Rd5 27. Bd4 Nb4 28. Kb2 Nc6 29. Kc3 f6 30. b4 Kf7 31. Rd2 Ke6 32. a3 b6 33. Kc2 f4 34. Bc3 fxe3 35. Re2 Kf5 36. Rxe3 Nd4+ 37. Kb2 Nc6 38. Re4 a5 39. g4+ hxg4 40. hxg4+ Kg5 41. Re6 Ne5 42. Bxe5 fxe5 43. Rxb6 axb4 44. axb4 Kf4 45. Rf6+ Ke3 46. g5 e4 47. fxe4 Rxg5 48. Rf5 Rg2+ 49. Kc3 Kxe4 50. Rxb5 Rg1 51. Rh5 Rc1+ 52. Kb2 Rc8 53. b5 Kd4 54. Kb3 Rc1 55. Kb4 Ra1 56. b6 Rb1+ 57. Ka5 Ra1+ 58. Kb5 1-0

[Event "Women's Speed Chess 2023"]
[Site "chess.com INT"]
[Date "2023.11.21"]
[Round "2.20"]
[White "Dronavalli, Harika"]
[Black "Lagno, Kateryna"]
[Result "1-0"]
[WhiteElo "2509"]
[BlackElo "2542"]
[PlyCount "77"]
[EventDate "2023.11.13"]
[EventType "k.o."]

1. Nf3 g6 2. c4 d6 3. g3 e5 4. d3 f5 5. Bg2 Nf6 6. O-O Bg7 7. Nc3 O-O 8. Ne1 c6 ({RR} 8... h6 9. b4 Nc6 10. b5 Ne7 11. Qd2 g5 12. f4 gxf4 13. gxf4 Ng6 14. e3 Kh7 15. Bb2 Nh4 16. Bh3 c6 17. Ng2 Nxg2 18. Bxg2 Qe8 19. bxc6 bxc6 20. Ba3 Qe7 21. fxe5 Qxe5 22. d4 Qe7 23. Bxc6 {Iturrizaga Bonelli,E (2650)-Guseinov,G (2646) Chess.com INT 2018 ½-½ (51)}) ({RR} 8... Nc6 9. Nc2 Re8 10. Rb1 a5 11. e4 Nd4 12. Ne3 f4 13. Ned5 Nxd5 14. Nxd5 c6 15. Nc3 Rf8 16. Ne2 f3 17. Nxd4 fxg2 18. Kxg2 exd4 19. f4 d5 20. Qf3 dxe4 21. dxe4 c5 22. b3 a4 23. Ba3 {Rojas Salas,S (2223)-Cagara,P (2045) Chess.com INT 2022 0-1 (40)}) 9. Rb1 a5 $146 ({RR} 9... d5 10. cxd5 cxd5 11. Qb3 Nc6 12. Nxd5 Nd4 13. Nxf6+ Kh8 14. Qd1 Qxf6 15. Nf3 Ne6 16. Bd2 Qe7 17. Bc3 Nc7 18. Nd2 Nb5 19. Nc4 Nxc3 20. bxc3 Rb8 21. Ne3 Be6 22. c4 Rfd8 23. Qa4 b6 24. Nd5 {Tao,T (2376)-Benham,C (1683) The Kaf 2001 1-0 (49)}) 10. a3 Be6 11. Bd2 Nbd7 12. b4 axb4 13. axb4 Qe8 14. b5 Nc5 15. bxc6 bxc6 16. Nc2 e4 17. d4 Ncd7 18. d5 cxd5 19. cxd5 Bf7 20. Nb5 Qe5 21. Bf4 Qxd5 22. Nxd6 Be6 23. Ne3 Qxd1 24. Rfxd1 Nh5 25. Bg5 h6 26. Be7 Rfb8 27. Rxb8+ Rxb8 28. Ndc4 Rc8 29. Nd6 Rc6 30. Bd8 f4 31. gxf4 Nxf4 32. Bxe4 Nxe2+ 33. Kf1 Nc3 34. Bxc6 Nxd1 35. Nxd1 Ne5 36. Be4 Ng4 37. h3 Ne5 38. Bc7 Bf8 39. Ne3 1-0

[Event "Women's Speed Chess 2023"]
[Site "chess.com INT"]
[Date "2023.11.22"]
[Round "3.6"]
[White "Dronavalli, Harika"]
[Black "Hou Yifan"]
[Result "1-0"]
[WhiteElo "2509"]
[BlackElo "2632"]
[PlyCount "87"]
[EventDate "2023.11.13"]
[EventType "k.o."]

1. Nf3 d5 2. g3 Nf6 3. Bg2 c5 4. O-O h6 5. c4 ({RR} 5. e3 Nc6 6. d4 Bg4 7. c4 e6 8. Qa4 Bxf3 9. Bxf3 cxd4 10. exd4 Be7 11. Nc3 O-O 12. cxd5 Nxd5 13. Nxd5 exd5 14. Be3 Bf6 15. Rfd1 Qd7 16. h4 Rfd8 17. Kg2 Ne7 18. Qxd7 Rxd7 19. Bg4 Rc7 {Nihal,S (2684)-Xiong,J (2693) chess.com INT 2023 ½-½ (78)}) 5... d4 6. b4 Nc6 ({RR} 6... cxb4 7. a3 b3 8. e3 Nc6 9. Nxd4 Nxd4 10. exd4 Qxd4 11. Qxb3 Qd7 12. Nc3 e6 13. d4 Be7 14. Bf4 O-O 15. Rfd1 Bd6 16. Bxd6 Qxd6 17. Qb4 Rd8 18. Qxd6 Rxd6 19. Rab1 Rd7 20. c5 Re7 21. a4 {Huzman,A (2524)-Galburd,Y (2421) Israel ISR 2025 1-0 (36)}) ({RR} 6... a5 7. bxc5 Nc6 8. e3 d3 9. Bb2 Bg4 10. h3 Bxf3 11. Bxf3 e6 12. Nc3 Bxc5 13. Ne4 Be7 14. Rb1 Qd7 15. Bc3 a4 16. Rb5 Nxe4 17. Bxe4 f5 18. Qh5+ Kd8 19. Bg2 Bd6 20. Rfb1 Rb8 21. Qg6 {Dronavalli,H (2510)-Batsiashvili,N (2470) Dubai UAE 2023 1-0 (53)}) 7. b5 Nb8 $146 ({RR} 7... Na5 8. d3 a6 9. e3 axb5 10. cxb5 dxe3 11. Bxe3 e6 12. Nc3 Nd5 13. Nxd5 exd5 14. Re1 Be6 15. Bh3 Bd6 16. Rc1 b6 17. Bd2 Qf6 18. Bxe6 fxe6 19. Qe2 O-O 20. Qxe6+ Qxe6 21. Rxe6 Rxf3 22. Rxd6 {Tan,Z (2523)-Lagno,K (2552) Dubai UAE 2023 ½-½ (32)}) 8. d3 Nbd7 9. e3 e5 10. exd4 exd4 11. Re1+ Be7 12. Qe2 Nf8 13. Ne5 Ne6 14. f4 O-O 15. f5 Ng5 16. h4 Ngh7 17. g4 Bd6 18. g5 Re8 19. Bf4 hxg5 20. hxg5 Nxg5 21. Nd2 Bxe5 22. Bxe5 Bxf5 23. Bxf6 Rxe2 24. Bxd8 Rxe1+ 25. Rxe1 Rxd8 26. Bxb7 Bxd3 27. a4 Rd7 28. Bc6 Rd6 29. a5 Ne6 30. Kf2 Kf8 31. a6 Nc7 32. Ra1 g5 33. Be4 Rf6+ 34. Kg3 Be2 35. Bf3 Bd3 36. Be4 Be2 37. Bb7 Nxb5 38. cxb5 Bxb5 39. Ne4 Re6 40. Nxc5 Re3+ 41. Kf2 Rc3 42. Ne4 Rc2+ 43. Kg3 d3 44. Rd1 1-0

[Event "Women's Speed Chess 2023"]
[Site "chess.com INT"]
[Date "2023.11.22"]
[Round "3.20"]
[White "Dronavalli, Harika"]
[Black "Hou Yifan"]
[Result "1-0"]
[WhiteElo "2509"]
[BlackElo "2632"]
[PlyCount "55"]
[EventDate "2023.11.13"]
[EventType "k.o."]

1. Nf3 Nf6 2. g3 b6 3. Bg2 Bb7 4. O-O g6 5. c4 Bg7 6. b3 ({RR} 6. Nc3 O-O 7. Re1 Ne4 8. Nxe4 Bxe4 9. d4 e6 10. Bg5 Qc8 11. Qd2 d6 12. Bh6 Qb7 13. Bxg7 Kxg7 14. Rad1 Nd7 15. d5 Bxf3 16. exf3 e5 17. f4 Rae8 18. Qc3 Kg8 19. f5 Qb8 20. Bh3 Qd8 {Efimenko,Z (2648)-Maletin,P (2588) Dubai 2014 0-1 (56)}) 6... Ne4 7. d4 c5 8. Bb2 O-O $146 ({RR} 8... Nc6 9. e3 O-O 10. Nbd2 Nxd2 11. Qxd2 cxd4 12. Nxd4 Rc8 13. Rfd1 d6 14. a4 a6 15. a5 Nxa5 16. Bxb7 Nxb7 17. Rxa6 Nc5 18. Ra7 e5 19. Nb5 Nxb3 20. Qb4 Na5 21. Rxd6 Rxc4 22. Qd2 Qc8 23. Rxb6 {Itkis,B (2330)-Pastar,S (2373) chess.com INT 2023 ½-½ (59)}) ({RR} 8... Qc7 9. Nbd2 Nxd2 10. Qxd2 cxd4 11. Nxd4 Bxg2 12. Kxg2 O-O 13. Rad1 d6 14. Kg1 Nc6 15. Nb5 Qd7 16. Bxg7 Kxg7 17. h4 Qg4 18. Nc7 Rac8 19. Nd5 Rfe8 20. Kg2 Qe4+ 21. f3 Qe6 22. e4 Ne5 23. h5 {Srihari,L (2366)-Fikiet,A (2151) chess.com INT 2025 1-0 (40)}) 9. e3 d5 10. cxd5 Bxd5 11. Qe2 Nc6 12. Rd1 e6 13. dxc5 Bxb2 14. Qxb2 bxc5 15. Nfd2 Nxd2 16. Rxd2 f5 17. Nc3 Ne7 18. Rad1 Qc7 19. Nxd5 exd5 20. Bxd5+ Nxd5 21. Rxd5 Rad8 22. Qd2 Rxd5 23. Qxd5+ Rf7 24. Rc1 Qa5 25. Rxc5 Qxa2 26. Rc7 Qa1+ 27. Kg2 Qf6 28. Rxa7 1-0

[Event "Women's Speed Chess 2023"]
[Site "chess.com INT"]
[Date "2023.11.22"]
[Round "3.26"]
[White "Dronavalli, Harika"]
[Black "Hou Yifan"]
[Result "1-0"]
[WhiteElo "2509"]
[BlackElo "2632"]
[PlyCount "127"]
[EventDate "2023.11.13"]
[EventType "k.o."]

1. Nf3 Nf6 2. g3 g6 3. Bg2 Bg7 4. O-O O-O 5. d4 d6 6. c4 Nc6 7. d5 Na5 8. Nfd2 c5 9. Nc3 a6 10. e4 Rb8 11. Rb1 b5 12. cxb5 axb5 13. b4 cxb4 14. Rxb4 Bd7 15. Bb2 $146 ({RR} 15. Ne2 Nb7 16. Nb3 Nc5 17. f3 Ra8 18. Be3 Nxb3 19. Qxb3 Qa5 20. Nc3 Rfc8 21. Nxb5 Bxb5 22. Rxb5 Qxa2 23. Qxa2 Rxa2 24. Bh3 Rca8 25. Rf2 Rxf2 26. Bxf2 Kf8 27. Rb7 h5 28. Be3 Ng8 29. Bf1 Bh6 {Bermejo Martinez,J (2275)-Martinez Piqueras,C (2136) Valencia 2012 0-1 (82)}) 15... Ng4 16. Ne2 Ne5 17. Bxe5 Bxe5 18. f4 Bg7 19. Kh1 Qc7 20. a3 Rfc8 21. Nf3 Nc4 22. Rb3 Qa7 23. Ned4 b4 24. axb4 Ba4 25. Qa1 Nd2 26. Nxd2 Bxd4 27. Qa2 Bxb3 28. Qxb3 Rc3 29. Qb1 Ra3 30. Nf3 Ra1 31. Qd3 Rxf1+ 32. Bxf1 Rxb4 33. Kg2 Rb2+ 34. Be2 Bc5 35. e5 Qa2 36. Kf1 Qb1+ 37. Qxb1 Rxb1+ 38. Kg2 Rb2 39. Kf1 dxe5 40. Nxe5 Rd2 41. Bc4 Rxh2 42. d6 exd6 43. Nxf7 Kg7 44. Ng5 Rf2+ 45. Ke1 Rg2 46. Ne4 Rc2 47. Bd5 Bb4+ 48. Kd1 Rh2 49. Kc1 h6 50. Kd1 g5 51. fxg5 hxg5 52. Kc1 Kg6 53. g4 Rh4 54. Be6 Rh2 55. Bf5+ Kh6 56. Be6 Re2 57. Bd5 Rg2 58. Be6 Rh2 59. Kb1 Bc5 60. Bd5 Re2 61. Kc1 Rh2 62. Kb1 Rh4 63. Be6 Be3 64. Kc2 1-0

[Event "Titled Tue 21st Nov Early"]
[Site "chess.com INT"]
[Date "2023.11.21"]
[Round "5"]
[White "Halkias, S."]
[Black "Martinez Alcantara, Jose Eduardo"]
[Result "1-0"]
[WhiteElo "2508"]
[BlackElo "2611"]
[PlyCount "93"]
[EventDate "2023.11.21"]

1. Nf3 c5 2. c4 Nc6 3. Nc3 g6 4. e3 Bg7 5. d4 d6 6. d5 Na5 7. Bd2 Nf6 8. e4 Bg4 9. h3 Bxf3 10. Qxf3 Nd7 11. Qd1 $146 ({RR} 11. Bd3 a6 12. Qe2 O-O 13. O-O Ne5 14. Rab1 Rb8 15. b3 e6 16. f4 Nd7 17. Kh1 exd5 18. exd5 b6 19. Ne4 Nb7 20. f5 Qc7 21. f6 Bh8 22. Rbe1 Rfe8 23. Qf2 Ne5 24. Bc2 b5 25. Qh4 Nd7 {Sargsyan,S (2634)-Martinez Alcantara,J (2610) chess.com INT 2024 1-0}) 11... O-O 12. Be2 a6 13. O-O Rb8 14. Rb1 b5 15. cxb5 axb5 16. Nxb5 c4 17. Qa4 Ra8 18. Qc2 Qb6 19. a4 Rfc8 20. Be3 Qb7 21. Nd4 Ne5 22. Rfd1 Rab8 23. f4 Nd7 24. Nb5 Nc5 25. Bg4 Rd8 26. Bxc5 dxc5 27. Bf3 Qb6 28. e5 g5 29. e6 fxe6 30. fxg5 exd5 31. Rxd5 e6 32. Rxd8+ Rxd8 33. Re1 Kh8 34. Kh1 e5 35. Qe4 Nb3 36. Qxc4 Nd2 37. Qg4 c4 38. g6 h6 39. Rd1 Qe3 40. a5 e4 41. Bxe4 Rb8 42. Nd6 Rf8 43. Nf7+ Rxf7 44. gxf7 Qxe4 45. Qxe4 Nxe4 46. Rd8+ Kh7 47. f8=Q 1-0

[Event "Titled Tue 21st Nov Early"]
[Site "chess.com INT"]
[Date "2023.11.21"]
[Round "6"]
[White "Le, Quang Liem"]
[Black "Kuzubov, Y."]
[Result "1-0"]
[WhiteElo "2731"]
[BlackElo "2603"]
[PlyCount "93"]
[EventDate "2023.11.21"]

1. Nf3 d5 2. e3 c5 3. b3 g6 4. Bb2 Nf6 5. c4 Bg7 6. cxd5 O-O 7. Bxf6 ({RR} 7. d6 exd6 8. Be2 d5 9. d4 Ne4 10. O-O Nc6 11. Na3 Re8 12. Rc1 b6 13. Qc2 Bb7 14. dxc5 Bxb2 15. Qxb2 bxc5 16. Rfd1 Nb4 17. Nb5 a6 18. Nc3 Qe7 19. a3 Nxc3 20. Rxc3 d4 21. exd4 Qxe2 {Serban,C (2332)-Wyss,J (2283) chess.com INT 2025 1-0 (49)}) 7... Bxf6 8. Nc3 Nd7 ({RR} 8... a6 9. Be2 Bg7 10. O-O b5 11. Rc1 Nd7 12. d4 Bb7 13. dxc5 Nxc5 14. Nxb5 axb5 15. Rxc5 Rxa2 16. Bxb5 Qb6 17. b4 Rb2 18. Bc6 Rxb4 19. Rc2 Ba6 20. Re1 Rd8 21. Nd4 Bc4 22. Qc1 Bd3 23. Rd2 {Anton Guijarro,D (2703)-Edouard,R (2649) Biel 2020 ½-½ (43)}) ({RR} 8... a6 9. Rc1 b5 10. a4 b4 11. Ne4 Qxd5 12. Nxc5 Nd7 13. d4 Nxc5 14. Rxc5 Qd6 15. Bc4 Bb7 16. O-O Rfd8 17. Qe2 e6 18. Rc1 Rac8 19. Bd3 Qb6 20. Nd2 Be7 21. Rxc8 Rxc8 22. Rxc8+ Bxc8 23. Nc4 {Le,Q (2739)-Silva,K (2249) chess.com INT 2024 1-0 (48)}) 9. Rc1 a6 $146 ({RR} 9... b6 10. Be2 Bb7 11. O-O Rc8 12. e4 Ne5 13. d3 e6 14. dxe6 fxe6 15. Nxe5 Bxe5 16. g3 Qf6 17. Qc2 Rf7 18. Bg4 Rcf8 19. Ne2 h5 20. Bh3 g5 21. f4 Bd4+ 22. Nxd4 Qxd4+ 23. Kh1 g4 24. Bg2 {Pshmahov,O (2195)-Kirdyashkina,E (1909) Tuapse 2021 1-0 (53)}) 10. a4 Nb6 11. Bc4 Bf5 12. Qe2 e6 13. dxe6 Nxc4 14. exf7+ Rxf7 15. Qxc4 Bd3 16. Qd5 b5 17. h4 b4 18. Qxd8+ Rxd8 19. Ne2 c4 20. Nf4 cxb3 21. Nxd3 Rxd3 22. Ke2 Rfd7 23. Rb1 b2 24. Rhd1 Bc3 25. Nd4 R3xd4 26. exd4 Bxd4 27. f3 Kf7 28. Kd3 Bf6+ 29. Kc4 Rd4+ 30. Kc5 Rxh4 31. d4 Be7+ 32. Kc4 Rh2 33. Rxb2 h5 34. Kd5 h4 35. Rdd2 Rh1 36. Kc6 Rc1+ 37. Kd7 Re1 38. d5 Bf6 39. Rxb4 Bc3 40. Rf4+ Kg7 41. Rc2 Ba5 42. Rxh4 Rd1 43. d6 Kf6 44. Re4 g5 45. Rc6 Bc3 46. Rxa6 g4 47. Kc7 1-0

[Event "Titled Tue 21st Nov Early"]
[Site "chess.com INT"]
[Date "2023.11.21"]
[Round "9"]
[White "Liang, Awonder"]
[Black "Sadhwani, Raunak"]
[Result "1-0"]
[WhiteElo "2640"]
[BlackElo "2650"]
[PlyCount "105"]
[EventDate "2023.11.21"]

1. Nf3 Nf6 2. b3 g6 3. Bb2 Bg7 4. g3 O-O 5. Bg2 d6 6. d4 b5 7. Ne5 dxe5 8. Bxa8 c6 ({RR} 8... e4 9. d5 Bh3 10. Nc3 e3 11. f3 b4 12. Na4 Qd6 13. Qd3 Nbd7 14. Bc6 Ne5 15. Qxe3 Nxc6 16. dxc6 Nd5 17. Qd2 Bxb2 18. Nxb2 Qe5 19. Rb1 Nc3 20. Rd1 Nxd1 21. Nxd1 Bg2 22. Rg1 Bxf3 23. Ne3 {Pinheiro,I (2270)-Perez Marimon,J (2281) chess.com INT 2024 ½-½ (71)}) 9. a4 b4 10. dxe5 Nd5 11. Bd4 $146 ({RR} 11. Qd4 Nb6 12. Qxb4 Qc7 13. Nd2 Nxa8 14. O-O-O Bxe5 15. Nc4 Bxb2+ 16. Kxb2 Nb6 17. Ne3 c5 18. Qc3 Bb7 19. f3 e6 20. Ng4 f6 21. Nxf6+ Kf7 22. Nxh7 Nd5 23. Rxd5 exd5 24. Qf6+ Kg8 25. Nxf8 Qf7 {Yeletsky,I (2494)-Agasarov,B (2278) chess.com INT 2022 1-0 (48)}) 11... Qa5 12. Nd2 Nc7 13. Nc4 Qd5 14. f3 Nxa8 15. Bxa7 Nd7 16. Bd4 Ba6 17. Ne3 Qe6 18. f4 c5 19. Bb2 Bb7 20. O-O Qc6 21. Kf2 Nc7 22. Qd3 Ba6 23. Qd2 Nb8 24. Rfd1 Bb7 25. Qd3 Qe6 26. c4 bxc3 27. Qxc3 Qh3 28. Kg1 Ne6 29. Qc4 h5 30. Nd5 h4 31. Rd3 Ba6 32. Qe4 Bxd3 33. Qxd3 Nc6 34. a5 Rd8 35. a6 hxg3 36. hxg3 Nb4 37. Nxe7+ Kf8 38. Qf3 Kxe7 39. a7 Nc7 40. Bc3 Na8 41. Be1 Kf8 42. Bf2 Kg8 43. Bxc5 Nc2 44. Rc1 Qf5 45. e4 Qd7 46. Rxc2 Qb5 47. Bf2 Bf8 48. Kg2 Nb6 49. e6 fxe6 50. f5 exf5 51. exf5 gxf5 52. Bxb6 Qxb6 53. a8=Q 1-0

[Event "Titled Tue 21st Nov Late"]
[Site "chess.com INT"]
[Date "2023.11.21"]
[Round "3"]
[White "Lamard, G."]
[Black "Terry, R."]
[Result "1-0"]
[WhiteElo "2514"]
[BlackElo "2503"]
[PlyCount "75"]
[EventDate "2023.11.21"]

1. Nf3 Nf6 2. b3 d5 3. Bb2 Bg4 4. e3 c6 5. Be2 Nbd7 6. h3 Bxf3 7. Bxf3 e5 8. d3 Bd6 9. Nd2 Qe7 10. e4 Ba3 11. Bxa3 Qxa3 12. O-O d4 13. Bg4 $146 ({RR} 13. Nc4 Qe7 14. a4 h5 15. Qd2 Ng8 16. Qe2 Ngf6 17. Qd2 Nh7 18. Be2 g5 19. g3 h4 20. g4 Ndf8 21. Qc1 Ng6 22. Kh2 Nf4 23. Bd1 O-O 24. Qa3 c5 25. Rb1 a5 26. Qc1 Qc7 27. Qd2 Rfd8 {Ringsborg,A (1658)-Nielsen,J (1936) Valby 2008 0-1 (41)}) 13... O-O 14. Nc4 Qc5 15. Bxd7 Nxd7 16. a4 b5 17. Nd2 Rfe8 18. g3 Nf6 19. Kg2 h5 20. Nf3 g6 21. Qd2 Nh7 22. Ra2 Re6 23. Rfa1 Kg7 24. axb5 cxb5 25. Ra6 Rxa6 26. Rxa6 Rc8 27. Qa5 Qxc2 28. Rxa7 Qc5 29. b4 Qc6 30. Rxf7+ Kg8 31. Qa7 Nf8 32. Nxe5 Qe6 33. Rg7+ Kh8 34. Re7 Qf6 35. Nf7+ Kg8 36. Nh6+ Kh8 37. Rf7 Qg5 38. Qxd4+ 1-0

[Event "Titled Tue 21st Nov Late"]
[Site "chess.com INT"]
[Date "2023.11.21"]
[Round "3"]
[White "Margvelashvili, G."]
[Black "Erigaisi, Arjun"]
[Result "1-0"]
[WhiteElo "2540"]
[BlackElo "2713"]
[PlyCount "133"]
[EventDate "2023.11.21"]

1. Nf3 d6 2. d4 g6 3. e3 Bg7 4. c4 e5 5. Nc3 Ne7 6. dxe5 ({RR} 6. Be2 O-O 7. dxe5 dxe5 8. O-O c6 9. Qxd8 Rxd8 10. Rd1 Rxd1+ 11. Bxd1 Be6 12. Be2 h6 13. Nd2 f5 14. Na4 Na6 15. a3 e4 16. Rb1 Rd8 17. Kf1 Nc8 18. b3 Nb6 19. Nxb6 axb6 20. Ke1 Bc3 {Alfaya Marcelo,R (2249)-Harsh,S (2389) chess.com INT 2025 0-1 (52)}) 6... dxe5 7. Qxd8+ Kxd8 8. b3 $146 ({RR} 8. Ng5 Ke8 9. h4 h6 10. Nf3 Na6 11. Nd2 Nb4 12. Ke2 Be6 13. a3 Nbc6 14. b3 e4 15. Bb2 f5 16. f4 Kf7 17. Kd1 g5 18. g3 gxf4 19. gxf4 Bf6 20. Be2 Rhg8 21. Kc2 Rg3 22. Rae1 Rag8 {Xu,Y (2516)-Lu,S (2607) Shenzhen 2016 0-1 (52)}) 8... e4 9. Nd4 c5 10. Nde2 f5 11. Bb2 Nbc6 12. O-O-O+ Bd7 13. Nf4 Kc8 14. Nb5 Bxb2+ 15. Kxb2 Ne5 16. Be2 Rd8 17. Nc3 b6 18. Ncd5 N7c6 19. h4 Kb7 20. Nf6 a5 21. a4 Nb4 22. Nxh7 Bc6 23. Nf6 Nbd3+ 24. Bxd3 exd3 25. f3 d2 26. N6d5 Bxd5 27. Nxd5 Nd3+ 28. Kc2 Nf2 29. Kxd2 b5 30. axb5 a4 31. Kc3 Rh8 32. g3 Ra7 33. Rhf1 Nxd1+ 34. Rxd1 axb3 35. Kxb3 Rha8 36. Nc3 Ra1 37. Rd7+ Kb6 38. Rd6+ Ka5 39. Rxg6 Rf1 40. f4 Rf3 41. Re6 Rxg3 42. Re5 Kb6 43. h5 Rh3 44. Re6+ Ka5 45. Re5 Kb6 46. Na4+ Ka5 47. Nxc5 Rxh5 48. Nd3 Rh3 49. Kc3 Ka4 50. Re6 Ka3 51. Ra6+ Rxa6 52. bxa6 Rxe3 53. Kd4 Re4+ 54. Kd5 Re8 55. Kc6 Kb3 56. Ne5 Kc3 57. a7 Kd4 58. Kb7 Ke4 59. Ng6 Kd4 60. a8=Q Rxa8 61. Kxa8 Kxc4 62. Kb7 Kd5 63. Kc7 Ke6 64. Kc6 Kf6 65. Nh4 Ke6 66. Kc5 Kf6 67. Kd5 1-0

[Event "Titled Tue 21st Nov Late"]
[Site "chess.com INT"]
[Date "2023.11.21"]
[Round "5"]
[White "Carlsen, M."]
[Black "Kovalev, Vl"]
[Result "1-0"]
[WhiteElo "2829"]
[BlackElo "2582"]
[PlyCount "49"]
[EventDate "2023.11.21"]

1. g3 d5 2. Nf3 Nf6 3. Bg2 c6 4. O-O Bf5 5. c4 e6 6. Qb3 Qb6 7. Nc3 Be7 8. d3 Nbd7 9. Be3 Qxb3 10. axb3 O-O 11. Bxa7 $146 ({RR} 11. Nh4 Bg4 12. h3 Bh5 13. Nf3 h6 14. Ra4 a6 15. b4 Rac8 16. g4 Bg6 17. b5 axb5 18. cxb5 c5 19. d4 cxd4 20. Bxd4 Ne4 21. Ne5 Nxe5 22. Bxe5 Nd2 23. Rfa1 Nc4 24. Bd4 Nxb2 25. Nxd5 exd5 {Harish,N (2153)-Sokhor,N (2251) chess.com INT 2024 0-1 (57)}) 11... Nc5 12. Nd4 Bg6 13. b4 e5 14. Nxc6 bxc6 15. Bxc5 Bxc5 16. bxc5 dxc4 17. dxc4 Rab8 18. Bxc6 Rxb2 19. Bb5 Rc8 20. c6 h5 21. Rfd1 h4 22. Na4 Rc2 23. Nb6 Rc7 24. Nd5 Nxd5 25. cxd5 1-0

[Event "Titled Tue 21st Nov Late"]
[Site "chess.com INT"]
[Date "2023.11.21"]
[Round "7"]
[White "Nihal, Sarin"]
[Black "Zhigalko, S."]
[Result "1-0"]
[WhiteElo "2692"]
[BlackElo "2572"]
[PlyCount "79"]
[EventDate "2023.11.21"]

1. Nf3 d5 2. g3 c6 3. Bg2 Bg4 4. c4 e6 5. cxd5 Bxf3 6. Bxf3 cxd5 7. O-O Nc6 8. d4 Nf6 9. Nc3 Be7 10. e3 O-O 11. Bd2 Rc8 ({RR} 11... Qd7 12. Qa4 Rfc8 13. Rfc1 Ne8 14. Ne2 Rc7 15. Kg2 Nd6 16. Nf4 Nc4 17. Bc3 b5 18. Qxb5 Rb8 19. Qa4 Nxb2 20. Bxb2 Rxb2 21. Nd3 Rb8 22. Nc5 Bxc5 23. Rxc5 Ne7 24. Qxd7 Rxd7 25. a4 Rb2 26. h4 {Carlsen,M (2864)-Duda,J (2750) chess24.com INT 2022 ½-½ (48)}) 12. Rc1 ({RR} 12. Qe2 Qd7 13. Rfc1 Ra8 {½-½ (13) Malakhov,V (2642)-Dreev,A (2590) Moscow RUS 2024}) ({RR} 12. Qe2 a6 13. Rfc1 Bd6 14. Be1 Qe7 15. Qd1 Rc7 16. Be2 Rfc8 17. a3 g6 18. Na4 e5 19. Nc3 Qe6 20. Bf1 h5 21. Bg2 e4 22. b4 Ne7 23. Na4 Qg4 24. Rxc7 Rxc7 25. Nc5 Qc8 26. Rc1 Kg7 {Martinez Alcantara,J (2607)-Zhigalko,S (2572) chess.com INT 2023 1-0 (44)}) 12... a6 13. a3 $146 ({RR} 13. Na4 Ne4 14. Bxe4 dxe4 15. Qb3 Qd5 16. Qxd5 exd5 17. Nb6 Rcd8 18. f3 f5 19. fxe4 fxe4 20. Rxf8+ Kxf8 21. Rf1+ Bf6 22. Rf5 Ne7 23. Bb4 Kf7 24. Bxe7 Kxe7 25. Rxd5 Ke6 26. Rc5 Rxd4 27. Rc2 Rb4 {Triapishko,A (2506)-Eljanov,P (2672) Chess.com INT 2020 1-0 (54)}) 13... b5 14. Be2 Qb6 15. b4 Ne8 16. e4 Nxd4 17. Nxd5 exd5 18. Rxc8 Qe6 19. Rc1 dxe4 20. Be3 Nxe2+ 21. Qxe2 Nd6 22. Rc6 Qb3 23. Bc5 Nf5 24. Qxe4 Bxc5 25. bxc5 g6 26. Rxa6 Qc3 27. Ra8 Qxc5 28. Rxf8+ Qxf8 29. Qb4 Qa8 30. Rd1 h5 31. h4 Ng7 32. Rd3 Qe8 33. Qd2 Ne6 34. Rd5 Qa8 35. Qd3 Qa4 36. Rxb5 Qg4 37. Rb4 Qh3 38. Rb8+ Kh7 39. Qc3 Ng7 40. Qc8 1-0

[Event "Titled Tue 21st Nov Late"]
[Site "chess.com INT"]
[Date "2023.11.21"]
[Round "9"]
[White "Theodorou, Nikolas"]
[Black "Nihal, Sarin"]
[Result "1-0"]
[WhiteElo "2619"]
[BlackElo "2692"]
[PlyCount "59"]
[EventDate "2023.11.21"]

1. Nf3 d5 2. b3 Bf5 3. Bb2 e6 4. g3 Nf6 5. Bg2 h6 6. O-O Be7 7. d3 O-O 8. Nc3 a5 9. e4 Bh7 10. Qe2 ({RR} 10. exd5 exd5 11. Re1 Na6 12. a3 Nc5 13. Nd4 c6 14. Bh3 Re8 15. Qf3 Bf8 16. Nce2 Ncd7 17. Nf4 Qc7 18. Nh5 Nxh5 19. Qxh5 Nf6 20. Qf3 Rxe1+ 21. Rxe1 Re8 22. Rxe8 Nxe8 23. Ne6 Qe7 24. Nxf8 Kxf8 {Theodorou,N (2611)-Gholami Orimi,M (2504) chess.com INT 2025 ½-½ (76)}) 10... c6 11. Kh1 ({RR} 11. a4 Na6 12. Ne1 Nb4 13. Rd1 Qb6 14. h3 dxe4 15. Nxe4 Nxe4 16. dxe4 Rfd8 17. Nf3 Qc5 18. c3 Na6 19. Nd4 Qb6 20. Kh2 e5 21. Nf3 Qxb3 22. Nxe5 Nc5 23. c4 Bf6 24. Ba1 Rxd1 25. Rxd1 Qxa4 {Keymer,V (2731)-Bachmann,A (2570) chess.com INT 2025 ½-½ (45)}) 11... Na6 $146 ({RR} 11... Nbd7 12. a4 Nc5 13. Nd2 Na6 14. f4 Nb4 15. Rac1 Qb6 16. g4 Rfd8 17. g5 hxg5 18. fxg5 Ne8 19. exd5 cxd5 20. Nf3 Nd6 21. Nb5 Nf5 22. Rce1 Rac8 23. Nbd4 Bf8 24. Qf2 Bc5 25. Bh3 Nc6 26. Bxf5 {Theodorou,N (2622)-Sargsyan,S (2637) chess.com INT 2024 1-0 (35)}) 12. a3 b5 13. Ne5 Qc7 14. exd5 exd5 15. f4 Rfe8 16. Rae1 Nc5 17. Nd1 Bd6 18. Nf2 Re7 19. Nfg4 Nxg4 20. Qxg4 f6 21. Ng6 Ree8 22. h4 Qd7 23. f5 Rxe1 24. Rxe1 Re8 25. Rxe8+ Qxe8 26. Kh2 Nd7 27. h5 Qe1 28. Qf3 Ne5 29. Bxe5 Bxe5 30. Qxd5+ 1-0